|
|
|
|
| LEADER |
01131nam a22003738a 4500 |
| 001 |
000004983 |
| 003 |
1125 |
| 005 |
20120410160438.0 |
| 008 |
110805s2006 viesd |
| 020 |
|
|
|c 40000đ
|d 800b
|
| 041 |
|
|
|a vie
|
| 082 |
|
|
|a 895.1
|b LO-T
|
| 084 |
|
|
|b A109C
|
| 084 |
|
|
|a V6(5Trq)6z44
|
| 100 |
|
|
|a Lỗ Tấn
|
| 245 |
|
|
|a AQ chính truyện
|c Lỗ Tấn
|
| 260 |
|
|
|a H.
|b Văn học
|c 2006
|
| 300 |
|
|
|a 396tr.
|c 19cm
|
| 650 |
|
7 |
|2 Bộ TKTVQG
|a Văn học hiện đại
|
| 651 |
|
7 |
|2 Bộ TKTVQG
|a Trung Quốc
|
| 653 |
|
|
|a Lỗ Tấn
|
| 653 |
|
|
|a Trung Quốc
|
| 655 |
|
7 |
|2 Bộ TKTVQG
|a Tiểu thuyết
|
| 655 |
|
7 |
|2 Bộ TKTVQG
|a Tạp văn
|
| OWN |
|
|
|a LSP
|
| AVA |
|
|
|a UDN50
|b LSP
|d 895.1 LO-T
|e available
|t Error 5001 Not defined in file expand_doc_bib_avail.
|f 6
|g 0
|h N
|i 0
|k 1
|
| 999 |
|
|
|a From the UDN01
|
| AVA |
|
|
|a UDN50
|b LSP
|d 895.1 LO-T
|e available
|t Error 5001 Not defined in file expand_doc_bib_avail.
|f 6
|g 0
|h N
|i 0
|k 1
|
| TYP |
|
|
|a Monograph
|
| TYP |
|
|
|a Printed language
|
| 980 |
|
|
|a Mạng thư viện Đại học Đà Nẵng
|